History Quiz

Random History or Clickable Quiz

It's For You, Mr. President Quiz Stats

Quiz Updated May 2, 2016

Challenge
Share
Tweet
Embed
Score 0/35 Timer 07:00
1 Play Today
% Correct
Clinton
84.3%
Reagan
81.4%
Kennedy
79.8%
Lincoln
79.7%
Roosevelt (F.)
79.3%
Bush (G.W.)
78.8%
Ford
75.5%
Johnson (L.)
71.8%
Truman
70.1%
Jefferson
68.2%
Adams (J.)
67.8%
Carter
67.4%
Wilson
66.4%
Hoover
66.2%
Nixon
63.2%
Johnson (A.)
59.7%
Harrison (W.H.)
58.2%
Obama
57.2%
% Correct
Eisenhower
54.2%
Washington
53%
Cleveland
52.6%
Jackson
52.4%
Roosevelt (T.)
52.2%
Bush (G.H.W.)
48.9%
Harding
43.5%
Polk
38.6%
Madison
36.6%
McKinley
36.1%
Adams (J.Q.)
34.9%
Hayes
25.9%
Monroe
25.8%
Van Buren
22.9%
Harrison (B.)
20.9%
Coolidge
17.8%
Grant
11.5%

You're not logged in!

Compare scores with friends on all Sporcle quizzes.
Join for Free
OR
Log In

You Might Also Like...

Show Comments

Extras

Top Quizzes Today


Score Distribution

Your Account Isn't Verified!

In order to create a playlist on Sporcle, you need to verify the email address you used during registration. Go to your Sporcle Settings to finish the process.

Report this User

Report this user for behavior that violates our Community Guidelines.

Details: